| 000 | 01532nam a2200229Ia 4500 | ||
|---|---|---|---|
| 003 | Ost | ||
| 005 | 20260507075652.0 | ||
| 008 | 260507s9999||||xx |||||||||||||| ||und|| | ||
| 040 | _cfsecg | ||
| 041 | _aara | ||
| 082 | _a327 | ||
| 100 |
_aعتريسي، جعفر حسن _eمؤلف |
||
| 245 | 0 |
_aفوضوية العالم وميزان القوى : _bهيكلة العالم الجديد وصراع الأرض والنفط والأسواق الى ما بعد سقوط بغداد / _c جعفر حسن عتريسي |
|
| 260 |
_aبيروت: _bدار المحجة البيضاء للطباعة والنشر, _c2003 |
||
| 300 |
_a716 صفحة؛ _bإيضاحات ؛ _c25 سم |
||
| 520 | _aالفوضوية العالمية في القرن التاسع عشر- الفوضوية العالمية في القرن العشرين- المكون التاريخي للقوى الكبرى- العالم الجديد- عالم ما بعد انهيار الإتحاد السوفياتي- فوضوية العالم الجديد وإعادة بناء القوى ( الصين، روسيا، الولايات المتحدة الأمريكية، الشرق الأوسط)- الإحتلال الأمريكي للعراق- ما بعد سقوط بغداد- منظمة المؤتمر الإسلامي والخطاب الأممي. | ||
| 653 | _aالأسواق | ||
| 653 | _aالسياسة الدولية النفط | ||
| 653 | _aالعلاقات الإقتصادية الدولية | ||
| 653 | _aالعلاقات الخارجية | ||
| 942 | _cكتاب | ||
| 999 |
_c45613 _d45613 |
||